000 00605nam a22001817a 4500
999 _c184158
_d184158
005 20220113154006.0
010 _aENG-131108
020 _a978-93-544-9179-5
_c725.00
035 _aEN-114640
037 _bDBAD
082 _a541.3
100 _aGanguly, Ananya
245 _aPhysical Chemistry-II:
_bJEE Advanced/
_cAnanya Ganguly
260 _aUttar Pradesh
_bPearson India Education Services Pvt. Ltd
_c2021
270 _bUttar Pradesh
_a15th Floor, Tower-B, World Trade Tower, Plot No. 1, Block-C, Sector 16
_e201301
300 _a574p.
_c28cm(pbk)
942 _2ddc
_cEN
_h541.3
_mGAN